| 000 | 00629nam a2200205 a 4500 | ||
|---|---|---|---|
| 001 | 000013922 | ||
| 005 | 20200929163412.0 | ||
| 008 | 091201s1968 mx 000 f spa d | ||
| 040 |
_aDO-SdBNP _bspa _cBNPHU |
||
| 082 |
_aM863.42 _bS684s |
||
| 100 | 1 |
_aSolana, Rafael, _q(Rafael Solana Saucedo), _d1915-1992 _931553 |
|
| 245 | 1 | 3 |
_aEl sol de octubre / _cRafael Solana. |
| 260 |
_aMéxico : _bDiana, _c1968. |
||
| 300 |
_a477 p. ; _c22 cm. |
||
| 490 | 1 |
_aNovelistas mexicanos _v8 |
|
| 650 | 4 |
_aNovela mexicana _93959 |
|
| 650 | 4 |
_aLiteratura mexicana _ySIGLO XX _99216 |
|
| 830 | 0 |
_aNovelistas mexicanos ; _v8 _917833 |
|
| 049 | _aBNGR | ||
| 999 |
_c13527 _d13527 |
||